AH International Schools' Libraries

Haikyu!! : 8 / (Record no. 50195)

MARC details
000 -LEADER
fixed length control field 01148nam a2200157 4500
020 ## - INTERNATIONAL STANDARD BOOK NUMBER
International Standard Book Number 978-1421590981
100 ## - MAIN ENTRY--PERSONAL NAME
Personal name Haruichi, Furudate,
Relator term author.
9 (RLIN) 86561
245 ## - TITLE STATEMENT
Title Haikyu!! : 8 /
Remainder of title Shonen jump manga edition.
Statement of responsibility, etc Story and Art by Haruchi Furudate.
260 ## - PUBLICATION, DISTRIBUTION, ETC. (IMPRINT)
Name of publisher, distributor, etc VIZ Media LLC.
Date of publication, distribution, etc February 7, 2017.
300 ## - PHYSICAL DESCRIPTION
Extent 192 pages.
Dimensions 5 x 0.5 x 7.5 inches.
490 ## - SERIES STATEMENT
Series statement Haikyu :
Volume number/sequential designation 8
500 ## - GENERAL NOTE
General note Ever since he saw the legendary player known as “the Little Giant” compete at the national volleyball finals, Shoyo Hinata has been aiming to be the best volleyball player ever! Who says you need to be tall to play volleyball when you can jump higher than anyone else?<br/><br/>The Inter-High match between Karasuno and Aoba Johsai continues. Karasuno has dragged the game into a third set and is struggling to keep up their momentum. In a desperate move, Coach Ukai decides to bring out Tadashi Yamaguchi as a pinch server! Could this be the push Karasuno needs to keep the team’s hopes alive and beat Aoba Johsai?
650 ## - SUBJECT ADDED ENTRY--TOPICAL TERM
9 (RLIN) 79779
Topical term or geographic name as entry element JUVENILE FICTION / Sports & Recreation / Basketball.
650 #0 - SUBJECT ADDED ENTRY--TOPICAL TERM
9 (RLIN) 81930
Topical term or geographic name as entry element Manga (Japanese comic books)
942 ## - ADDED ENTRY ELEMENTS (KOHA)
Source of classification or shelving scheme
Koha item type Book
Holdings
Withdrawn status Lost status Source of classification or shelving scheme Damaged status Not for loan Home library Current library Date acquired Total Checkouts Full call number Barcode Checked out Date last seen Date checked out Price effective from Koha item type
          Logos International School Logos International School 02/23/2026 2 GREAPHIX HAR JAP 040858 03/23/2026 03/03/2026 03/03/2026 02/23/2026 Book

For any Logos Library related questions please contact Miss Art at swongnarasuk@asianhope.org.

For any Asian Hope Library related questions please contact Miss Raza at graza@asianhope.org.

Powered by Koha